Loading...
| Science - Physics | 0 | 3 | 0 | 1 | 30 | 71 | 94.67 | 0 | 3 |
| Science - Other Science | 0 | 3 | 0 | 1 | 30 | 75 | 96.33 | 1 | 2 |
| History - World History | 0 | 3 | 2 | 0 | 20 | 71 | 92.00 | 0 | 2 |
| Literature - American Literature | 0 | 2 | 0 | 1 | 20 | 128 | 132.50 | 0 | 2 |
| Religion | 1 | 0 | 0 | 0 | 15 | 57 | 57.00 | 0 | 1 |
| History - Other History | 0 | 2 | 1 | 2 | 15 | 132 | 133.00 | 0 | 0 |
| Fine Arts - Visual Fine Arts | 0 | 1 | 0 | 0 | 10 | 118 | 118.00 | 0 | 0 |
| Other Academic | 0 | 1 | 0 | 1 | 10 | 132 | 132.00 | 0 | 0 |
| Literature - World Literature | 0 | 0 | 0 | 0 | 0 | 0.00 | 0 | 0 | |
| Geography | 0 | 0 | 1 | 0 | -5 | 0.00 | 0 | 0 | |
| Philosophy | 0 | 0 | 2 | 0 | -10 | 0.00 | 0 | 0 |